000 00749cam a2200241 a 4500
001 000018142
005 20200929165355.0
008 731019s1973 xxc b 000 0 fre d
040 _aDO-SdBNP
_bfre
_cDLC
_dBNPHU
082 _a842
_bB425n
100 1 _aBelair, Michel.
_939309
245 1 3 _aLe nouveau théâtre québécois /
_cMichel Bélair.
260 _aOttawa :
_bLemeac,
_c1973.
300 _a205 p. ;
_c20 cm.
490 1 _aDossiers
504 _aIncluye notas al píe de las páginas
504 _aIncluye referencias bibliográficas: p. 167-171.
650 4 _aTeatro
_zQuebec (Provincia{Rpara}
_939310
650 4 _aLiteratura francesa
_91074
830 0 _aDossiers
_939311
910 _aCatalogación por copia / LC
049 _aBNGR
999 _c17663
_d17663